Kannada Nudi nadedubandha dari (Record no. 238870)

MARC details
000 -LEADER
fixed length control field 00379nam a2200145Ia 4500
005 - DATE AND TIME OF LATEST TRANSACTION
control field 20250729165704.0
008 - FIXED-LENGTH DATA ELEMENTS--GENERAL INFORMATION
fixed length control field 250729s2007 xx 000 0 und d
041 ## - LANGUAGE CODE
Language code of text/sound track or separate title kan
082 ## - DEWEY DECIMAL CLASSIFICATION NUMBER
Classification number 494.50 SHAK
100 ## - MAIN ENTRY--PERSONAL NAME
Personal name D.N. Shankara Bhat
9 (RLIN) 230615
245 ## - TITLE STATEMENT
Title Kannada Nudi nadedubandha dari
260 ## - PUBLICATION, DISTRIBUTION, ETC.
Place of publication, distribution, etc. Heggodu
Name of publisher, distributor, etc. Bhasha prakashana
Date of publication, distribution, etc. 2007
300 ## - PHYSICAL DESCRIPTION
Extent 348p
650 ## - SUBJECT ADDED ENTRY--TOPICAL TERM
Topical term or geographic name entry element Kannada
9 (RLIN) 230616
Holdings
Withdrawn status Lost status Damaged status Not for loan Home library Current library Date acquired Source of acquisition Cost, normal purchase price Total Checkouts Full call number Barcode Date last seen Cost, replacement price Price effective from Koha item type
        St Aloysius Library St Aloysius Library 07/29/2025 Management Books 160.00   494.50 SHAK BED04189 07/29/2025 160.00 07/29/2025 Book